[Event "ch-AUT"]
[Site "Hartberg AUT"]
[Date "2004.07.25"]
[Round "2"]
[White "Zoebisch,H"]
[Black "Benda,H"]
[Result "1-0"]
[WhiteElo "2187"]
[BlackElo "2336"]

1.d4 d5 2.c4 c6 3.Nf3 Nf6 4.Nc3 e6 5.e3 Nbd7 6.Bd3 dxc4 7.Bxc4 b5 8.Bd3 a6
9.e4 c5 10.e5 cxd4 11.Nxb5 Nxe5 12.Nxe5 axb5 13.Bxb5+ Bd7 14.Nxd7 Qa5+ 15.Bd2 Qxb5
16.Nxf8 Kxf8 17.a4 Qd5 18.O-O h5 19.Re1 e5 20.f3 h4 21.h3 Nh5 22.Rc1 Kg8
23.b4 f6 24.Rc5 Qa2 25.a5 d3 26.Rc3 Kh7 27.Rxd3 Rhd8 28.Be3 Rdc8 29.Qb1 Rc2
30.Rd2 Qxb1 31.Rxb1 Rc3 32.Bb6 Ng3 33.b5 Rac8 34.a6 Rc1+ 35.Rd1 R1c2 36.Be3 Ne2+
37.Kh1 Nc3 38.b6 Nxd1 39.Rxd1 Ra2 40.b7 Rb8 41.Ba7 Re8 42.Rd6 Ra1+ 43.Kh2 e4
44.fxe4 Rxe4 45.Rd4 Re8 46.Rxh4+ Kg8 47.Rc4  1-0

[Event "2nd North Urals Cup"]
[Site "Krasnoturinsk RUS"]
[Date "2004.07.25"]
[Round "2"]
[White "Matveeva,S"]
[Black "Skripchenko,A"]
[Result "1/2-1/2"]
[WhiteElo "2482"]
[BlackElo "2453"]

1.d4 d5 2.c4 c6 3.Nc3 Nf6 4.Nf3 e6 5.e3 Nbd7 6.Qc2 Bd6 7.b3 O-O 8.Be2 Re8
9.O-O b6 10.Bb2 Bb7 11.Rfd1 Qe7 12.Rac1 Rad8 13.h3 h6 14.Bd3 dxc4 15.Bxc4 c5
16.Qe2 Rc8 17.Ba6 Bxa6 18.Qxa6 Nb8 19.Qa4 a6 20.dxc5 Bxc5 21.Ne4 Nxe4 22.Qxe4 Nc6
23.Qg4 f6 24.Nh4 Qf7 25.Ng6 Kh7 26.Nf4 f5 27.Qe2 e5 28.Nd3 Bd6 29.Ne1 Bc5
30.Qxa6 Ra8 31.Qb5 Rxa2 32.Qxc6 Rxb2 33.Nd3 Rxb3 34.Nxc5 bxc5  1/2-1/2

[Event "Quebec Open"]
[Site "Montreal CAN"]
[Date "2004.07.25"]
[Round "9"]
[White "Roussel Roozmon,T"]
[Black "Rosen,M"]
[Result "1-0"]
[WhiteElo "2451"]
[BlackElo "2201"]

1.d4 d5 2.c4 c6 3.Nf3 e6 4.Nc3 Nf6 5.e3 Nbd7 6.Bd3 Bd6 7.O-O O-O 8.e4 dxe4
9.Nxe4 Nxe4 10.Bxe4 Nf6 11.Bc2 c5 12.Bg5 h6 13.Bh4 cxd4 14.Qxd4 Be7 15.Rfd1 Qxd4
16.Rxd4 b6 17.Ne5 Bb7 18.Nd7 Rfd8 19.Nxf6+ Bxf6 20.Bxf6 gxf6 21.Rad1 Rxd4
22.Rxd4 Bc6 23.f3 Kf8 24.Kf2 Ke7 25.Ke3 Rg8 26.g3 Rd8 27.Rh4 Rh8 28.Bd3 f5
29.Be2 e5 30.Bd3 Bd7 31.Kd2 Bc6 32.Ke3 Bd7 33.b4 Bc6 34.Kd2 a5 35.bxa5 bxa5
36.Kc3 Bd7 37.Rh5 Kf6 38.h3 Be6 39.g4 fxg4 40.hxg4 Bd7 41.Be4 Bc8 42.Bd5 Bd7
43.Be4 Bc8 44.g5+ Kg7 45.gxh6+ Rxh6 46.Rxe5 Ra6 47.Bd5 Ra7 48.c5 Kf6 49.Re8 Rc7
50.Kd4 Bd7 51.Ra8 a4 52.c6 Bc8 53.Kc5 Ke7 54.Rxa4 Be6 55.Bxe6 fxe6 56.Rb4 Rc8
57.Rb7+ Ke8 58.Rh7  1-0

[Event "Open"]
[Site "Balatonlelle HUN"]
[Date "2004.07.27"]
[Round "9"]
[White "Szabo,Ba"]
[Black "Vincze,Rob"]
[Result "1-0"]
[WhiteElo "2194"]
[BlackElo "2228"]

1.d4 Nf6 2.c4 e6 3.Nc3 d5 4.Nf3 c6 5.e3 Nbd7 6.Qc2 dxc4 7.Bxc4 Nb6 8.Bd3 h6
9.O-O Be7 10.e4 O-O 11.Qe2 c5 12.e5 Nh7 13.Bxh6 f5 14.exf6 Nxf6 15.Bg5 Qe8
16.Ne5 Nbd5 17.Bg6 Qd8 18.Nxd5 exd5 19.Bxf6 Rxf6 20.Qh5 Rxg6 21.Qxg6 Qf8
22.Qh5 Bf5 23.Ng6 Bxg6 24.Qxg6 cxd4 25.Rad1 Bf6 26.Rfe1 Qc8 27.Re2 Qd7 28.Rde1 Rf8
29.g3 b5 30.h4 b4 31.h5 Qf7 32.Re8 Qxg6 33.hxg6 d3 34.Rxf8+ Kxf8 35.Rd1 Bxb2
36.Rxd3 d4 37.Kg2 Ke7 38.Kf3 Kf6 39.Ke4 Kxg6 40.f4 Kh5 41.Kf5 g6+ 42.Kf6 a5
43.f5 gxf5 44.Kxf5 Kh6 45.Rb3 Bc3 46.a4 d3 47.Rb1 d2 48.g4 Bb2 49.Rh1+ Kg7
50.Ke4 Bc1 51.Kd3 b3 52.Kc3 b2 53.Kc2 Kf6 54.Rg1 Kg5 55.Kb1 Kf6 56.g5+ Kg6
57.Kc2 b1=Q+ 58.Kxb1 Ba3 59.Kc2 Bc5 60.Rb1 Be3 61.Rb5 Bxg5 62.Rxa5 Be3 63.Rb5 Kf6
64.a5 Ke6 65.a6 Kd6 66.Rb7 Kc6 67.Rh7  1-0

[Event "Politiken Cup"]
[Site "Copenhagen DEN"]
[Date "2004.07.27"]
[Round "5"]
[White "Malmberg,M"]
[Black "Frank Nielsen,M"]
[Result "1-0"]
[WhiteElo "2114"]
[BlackElo "1895"]

1.d4 d5 2.c4 c6 3.Nc3 Nf6 4.Nf3 e6 5.e3 Nbd7 6.Bd3 Be7 7.O-O O-O 8.e4 dxe4
9.Nxe4 b6 10.Bf4 Bb7 11.Qe2 c5 12.Nxf6+ Bxf6 13.Bd6 Re8 14.dxc5 bxc5 15.Rad1 Qb6
16.b3 e5 17.Be4 Re6 18.Bxb7 Qxb7 19.Qd2 Qb6 20.Bc7 Qxc7 21.Qxd7 Qb6 22.Qb5 e4
23.Ne1 Bd4 24.Nc2 Qd8 25.Nxd4 cxd4 26.Rfe1 Qf6 27.Qb7 Rae8 28.Qxa7 e3 29.fxe3 dxe3
30.Re2 h6 31.Qd4 Qg5 32.Rd3 f5 33.h4 Qg3 34.Qd5 f4 35.Rd4 Kh8 36.Qf3 Qxh4
37.Rxf4 Qg5 38.Rf8+ Rxf8 39.Qxf8+ Kh7 40.Qf3 Qe7 41.a3 Rf6 42.Qxe3 Qxa3 43.Qe4+ Rg6
44.Re3 Qd6 45.Rd3 Qb6+ 46.Kh2 Qc7+ 47.Kh3 h5 48.Rf3 Qc5 49.Rg3 Qc8+ 50.Kh2 Kh6
51.Qxg6+  1-0

[Event "GpB Playoff"]
[Site "Dortmund GER"]
[Date "2004.07.27"]
[Round "4"]
[White "Bologan,V"]
[Black "Karjakin,Sergey"]
[Result "1/2-1/2"]
[WhiteElo "2663"]
[BlackElo "2591"]

1.d4 d5 2.c4 c6 3.Nc3 Nf6 4.e3 e6 5.Nf3 Nbd7 6.Qc2 Bd6 7.Bd3 dxc4 8.Bxc4 O-O
9.O-O a6 10.Bd3 h6 11.a3 c5 12.dxc5 Nxc5 13.Be2 b5 14.b4 Ncd7 15.Ne4 Qc7
16.Qxc7 Bxc7 17.Nxf6+ Nxf6 18.Bb2 Bb7 19.Rac1 Rac8 20.Rfd1 Rfd8 21.Rxd8+ Bxd8
22.Rxc8 Bxc8 23.Ne5 Bb7 24.Kf1 Kf8 25.Bd4 Bc7 26.f3 Bxe5 27.Bxe5 Nd7 28.Bc7 Ke7
29.e4 e5 30.Kf2 f6 31.g3 Nf8 32.Ke3 Ne6 33.Bb8 g5 34.Bd1 Kd7 35.Ba7 Bc6 36.Bb3 Ke7
37.Bd1 Be8 38.Be2 Bc6 39.Bf1 Bd7 40.Kd3 Bc8 41.Kc3 Nd8 42.Bc5+ Kf7 43.Kb3 Nb7
44.a4 bxa4+ 45.Kxa4 Bd7+ 46.Kb3 Bb5 47.Bh3 Nd8 48.Kc3 Nc6 49.Bg4 Kg6 50.Be6 Nd8
51.Bd5 Nc6 52.Kd2 Nd8 53.Ke3 Nf7 54.Bf8 h5 55.Be7 Nh6 56.Be6 Kg7 57.h3 Bf1
58.h4 gxh4 59.gxh4 Nf7 60.f4 exf4+ 61.Kxf4 Ne5 62.Bd6 Ng6+ 63.Kg3 Bd3 64.Bd5 Bb5
65.Bb3 Bd3 66.Bd1 Kh6 67.Bf3 Ne5 68.Bg2 Bb5 69.Bf8+ Kg6 70.Kf4 Kf7 71.Bd6 Ng6+
72.Kg3 Ne5 73.Bh3 Bd3 74.Bf5 Bb5 75.Kf2 Nc6 76.Ke3 a5 77.bxa5 Nxa5 78.Kd4 Be2
79.Bb4 Nc6+ 80.Kc5  1/2-1/2

[Event "Skanska Open"]
[Site "Pardubice CZE"]
[Date "2004.07.27"]
[Round "5"]
[White "Cvek,R"]
[Black "Zakhartsov,V"]
[Result "0-1"]
[WhiteElo "2461"]
[BlackElo "2521"]

1.Nf3 Nf6 2.c4 e6 3.Nc3 d5 4.d4 c6 5.e3 Nbd7 6.Qc2 Bd6 7.Be2 O-O 8.O-O dxc4
9.Bxc4 a6 10.Rd1 b5 11.Be2 Qc7 12.Ne4 Nxe4 13.Qxe4 Be7 14.Bd2 Bb7 15.Rac1 c5
16.Qg4 Nf6 17.Qh3 c4 18.Ne5 Nd7 19.Nxd7 Qxd7 20.a3 Bd5 21.Ba5 f5 22.Bf3 Rf6
23.Bxd5 exd5 24.Qf3 Raf8 25.g3 Re6 26.Qg2 Re4 27.Re1 Qc6 28.Rcd1 Bd6 29.f3 Re6
30.Re2 Rfe8 31.Rde1 Qb7 32.Kf2 Qf7 33.Kg1 Qf6 34.Bc3 Qg6 35.Ba5 h5 36.Kf2 Kf7
37.Rg1 Bb8 38.h3 Qh6 39.Bd2 Ba7 40.Rge1 Bb6 41.Kf1 Qg6 42.f4 Re4 43.Qf3 Rh8
44.Rg2 Qe6 45.Kf2 Bd8 46.Reg1 Bf6 47.Kf1 Ke8 48.g4 hxg4 49.hxg4 fxg4 50.Rxg4 Qf5
51.Be1 Re7 52.Kg2 Kd7 53.Bf2 Kc6 54.Rc1 Qd3 55.a4 b4 56.Kg1 Kd6 57.f5 Rh5
58.Qf4+ Kd7 59.Qb8 Qxf5 60.Rg2 Qh3 61.Kf1 Qh1+ 62.Rg1 Qf3 63.Qxb4 Rh2 64.Qb7+ Ke6
65.Qc6+ Kf7 66.Rc2 Qd1+ 67.Be1 Qd3+  0-1

[Event "Mark Pinto IM"]
[Site "San Francisco USA"]
[Date "2004.07.28"]
[Round "8"]
[White "Lobo,Ri"]
[Black "Pruess,D"]
[Result "0-1"]
[WhiteElo "2277"]
[BlackElo "2371"]

1.Nf3 d5 2.c4 e6 3.d4 c6 4.e3 Nf6 5.Nc3 Nbd7 6.Qc2 Bd6 7.Bd2 O-O 8.O-O-O b5
9.cxb5 c5 10.Kb1 Bb7 11.Bd3 c4 12.Be2 a6 13.h4 Qb6 14.Na4 Qxb5 15.Nc3 Qb6
16.Rdg1 Rfb8 17.g4 a5 18.Ka1 a4 19.a3 Qd8 20.Bc1 Qe7 21.Nd2 e5 22.g5 Ne8
23.h5 Bc6 24.g6 fxg6 25.hxg6 h6 26.Nf3 e4 27.Nh4 Ndf6 28.f3 Rb3 29.fxe4 Rxc3
30.Qxc3 Nxe4 31.Qc2 Bd7 32.Bg4 Rb8 33.Bxd7 Qxd7 34.Rf1 N8f6 35.Nf5 Bf8 36.Rhg1 Rb3
37.Ng3 c3 38.Nxe4 Nxe4 39.Rf7 Qc6 40.Rgf1 Bd6 41.Qe2 cxb2+ 42.Bxb2 Bxa3  0-1

[Event "Mark Pinto IM"]
[Site "San Francisco USA"]
[Date "2004.07.29"]
[Round "9"]
[White "Zilberstein,Dm"]
[Black "Lobo,Ri"]
[Result "1-0"]
[WhiteElo "2392"]
[BlackElo "2277"]

1.d4 d5 2.c4 c6 3.Nf3 Nf6 4.e3 e6 5.Nc3 Nbd7 6.Qc2 Bd6 7.g4 dxc4 8.g5 Nd5
9.Bxc4 e5 10.Bd2 exd4 11.Qe4+ Qe7 12.Qxd4 Ne5 13.Nxe5 Bxe5 14.Nxd5 cxd5 15.Bb5+ Kf8
16.Qxd5 Bxb2 17.Qb3 Be5 18.Bb4 Bd6 19.Bxd6 Qxd6 20.Rd1 Qe7 21.Bc4 Be6 22.Bxe6 fxe6
23.Rd4 Rc8 24.Ke2 Kf7 25.Rhd1 Rc7 26.Qa4 Kg6 27.Rd6 Qxg5 28.Qe4+ Kh6 29.Qxe6+ g6
30.Qh3+ Qh5+ 31.Qxh5+ Kxh5 32.R1d5+ Kh6 33.Kd3 Rhc8 34.Rd7 b6 35.a4 Rc3+
36.Ke4 R8c4+ 37.Rd4 Rc7 38.Rxc7 Rxc7 39.f3 Kg5 40.Kd5 Rc3 41.Re4 Kf6 42.Kd6 g5
43.Re8 Rc4 44.Re6+ Kf5 45.e4+ Kf4 46.Rf6+ Ke3 47.e5 Rd4+ 48.Kc6 g4 49.fxg4 Rxa4
50.e6 Re4 51.Kd7 Rd4+ 52.Kc6 Re4 53.Kd7 Rd4+ 54.Ke8 Re4 55.e7  1-0

[Event "MTO"]
[Site "Biel SUI"]
[Date "2004.07.30"]
[Round "11"]
[White "Roiz,M"]
[Black "Kolbus,D"]
[Result "1/2-1/2"]
[WhiteElo "2574"]
[BlackElo "2303"]

1.c4 c6 2.Nf3 d5 3.e3 Nf6 4.Nc3 e6 5.d4 Be7 6.Bd3 Nbd7 7.O-O O-O 8.b3 b6
9.Bb2 Bb7 10.Qe2 c5 11.cxd5 cxd4 12.Nxd4 Nxd5 13.Nxd5 Bxd5 14.Rfd1 Nc5 15.Bc2 Qc8
16.Qg4 g6 17.Nf5 exf5 18.Qd4 f6 19.Qxd5+ Qe6 20.b4 Qxd5 21.Rxd5 Ne4 22.Bb3 Kh8
23.f3 Nd6 24.Rc1 Rac8 25.Rxc8 Nxc8 26.a3 Rd8 27.Rxd8+ Bxd8 28.Bd4 Kg7 29.Be6 Nd6
30.a4 Bc7 31.Kf2 Nf7 32.f4 Nd6 33.Ke2 Bd8 34.Kd3 Kf8 35.h3 h5 36.Bc3 Ke7
37.Bb3 Ne8 38.Kc4 Nc7 39.Bd1 Kd6 40.Bf3 h4 41.Be1 g5 42.Bb7 Kd7 43.Bf2 Be7
44.Be1 Ne8 45.Bf3 Nc7 46.Bc3 Kd6 47.Bd1 Nd5 48.Bd2 Nc7 49.Bc2 Ke6 50.Bc3 Bd6
51.Bd2 Be7 52.Bc1 Na6 53.Ba3 Nc7 54.Bb3 Bd6 55.Bc1 Be7 56.Kd4+ Kd6 57.e4 Ne6+
58.Bxe6 Kxe6 59.exf5+ Kxf5 60.fxg5 Bxb4 61.gxf6 Kxf6 62.Kc4 Be1 63.Kb5 Kf5
64.Ba3 Kf4 65.Bd6+ Ke3 66.Be7 Kf4 67.Ka6 Kg3 68.Kxa7 Kxg2 69.Kxb6 Kxh3 70.Bxh4 Kxh4
71.a5 Bxa5+ 72.Kxa5  1/2-1/2

[Event "Summer Open"]
[Site "Pirot SCG"]
[Date "2004.07.30"]
[Round "7"]
[White "Martinovic,Sl"]
[Black "Miljkovic,Mir"]
[Result "1-0"]
[WhiteElo "2443"]
[BlackElo "2406"]

1.Nf3 Nf6 2.c4 c6 3.d4 d5 4.e3 e6 5.Nc3 Nbd7 6.Qc2 Bd6 7.Be2 dxc4 8.Bxc4 O-O
9.O-O e5 10.Rd1 Qe7 11.e4 exd4 12.Nxd4 Nb6 13.Be2 Qc7 14.g3 Re8 15.Bg5 Be5
16.f4 Bxd4+ 17.Rxd4 Nbd7 18.Rad1 Kh8 19.e5 Ng8 20.Nb5 Qb6 21.Nd6 Rf8 22.Bc4 Nc5
23.Bd8 Bf5 24.Bxb6 Bxc2 25.Bxc5 Bxd1 26.Rxd1 b6 27.Nxf7+ Rxf7 28.Bxf7 Nh6
29.Be6 bxc5 30.g4 g6 31.Kf2 Rb8 32.b3 c4 33.bxc4 Rb2+ 34.Kg3 Rxa2 35.h3 Rb2
36.Kh4 Rb7 37.Kg3 Kg7 38.f5 gxf5 39.gxf5 Nf7 40.Bxf7 Kxf7 41.e6+ Ke7 42.Re1  1-0

[Event "12th Open"]
[Site "St Affrique FRA"]
[Date "2004.07.30"]
[Round "8"]
[White "Van Elst,A"]
[Black "Flear,G"]
[Result "0-1"]
[WhiteElo "2257"]
[BlackElo "2455"]

1.d4 d5 2.c4 e6 3.Nc3 c6 4.e3 Nf6 5.Nf3 Nbd7 6.Bd3 dxc4 7.Bxc4 b5 8.Bd3 Bb7
9.e4 b4 10.Na4 c5 11.e5 Nd5 12.O-O h6 13.Re1 Rc8 14.Qe2 Bc6 15.Nxc5 Nxc5
16.dxc5 Bxc5 17.Bd2 Qb6 18.Rac1 Ke7 19.Rc2 Rhd8 20.Rec1 Bb7 21.Ne1 a5 22.Be4 Bd4
23.Rxc8 Rxc8 24.Rxc8 Bxc8 25.Nd3 Ba6 26.Bc1 Qc7 27.Qd1 Bxd3 28.Bxd3 Qxe5
29.Qd2 Nf6 30.h3 Ne4 31.Bxe4 Qxe4 32.a3 Bc5 33.Kf1 b3 34.Qe1 Qc2 35.Be3 Bxe3
36.fxe3 Qxb2 37.Qxa5 Qc2  0-1

[Event "Liepajas Rokade"]
[Site "Liepaya LAT"]
[Date "2004.08.01"]
[Round "11"]
[White "Ehlvest,J"]
[Black "Stefansson,H"]
[Result "1-0"]
[WhiteElo "2605"]
[BlackElo "2549"]

1.d4 d5 2.c4 c6 3.Nf3 Nf6 4.Nc3 e6 5.e3 Nbd7 6.Qc2 Bd6 7.Be2 O-O 8.O-O dxc4
9.Bxc4 a6 10.a4 c5 11.Rd1 cxd4 12.exd4 h6 13.Ba2 b6 14.Qe2 Bb7 15.Ne5 Nd5
16.Nxd5 Bxd5 17.Bxd5 exd5 18.Bxh6 Bxe5 19.dxe5 gxh6 20.Rxd5 Re8 21.Rad1 Re7
22.Rxd7 Rxd7 23.Qg4+ Qg5 24.Qxg5+ hxg5 25.Rxd7 Re8 26.g4 Re6  1-0

[Event "Open"]
[Site "Kavala GRE"]
[Date "2004.08.02"]
[Round "4"]
[White "Milanovic,Da"]
[Black "Tzintzios,G"]
[Result "1-0"]
[WhiteElo "2428"]
[BlackElo "2197"]

1.d4 d5 2.c4 c6 3.Nf3 Nf6 4.Nc3 e6 5.e3 Nbd7 6.Qc2 b6 7.Be2 Bb7 8.O-O Bd6
9.e4 dxe4 10.Nxe4 Nxe4 11.Qxe4 Qc7 12.Qh4 h6 13.Be3 Be7 14.Qg4 g5 15.c5 Nf6
16.Qg3 Qxg3 17.hxg3 Nd5 18.Ne5 h5 19.Rac1 f6 20.Ng6 Rh6 21.Nxe7 Kxe7 22.Bd2 h4
23.g4 Rhh8 24.Rfd1 Rhd8 25.a4 Nc7 26.Be1 Rac8 27.b4 Ba6 28.Bf3 Nd5 29.Rc2 Rd7
30.cxb6 axb6 31.Rdc1 Bb7 32.b5 Kd6 33.a5 bxa5 34.Bxa5 Rh7 35.Bxd5 exd5 36.b6 Rhh8
37.Re2 Rhe8 38.Bb4+ Kd7 39.Rce1 Rxe2 40.Rxe2 Re8 41.Rxe8 Kxe8 42.f4 Kf7 43.f5 Ke8
44.g3 hxg3 45.Bd6 Kd7 46.Bxg3 c5 47.dxc5 d4 48.Kf2 Be4 49.Bd6 Kc6 50.Be7 d3
51.Ke3 d2 52.Kxd2 Bf3 53.Ke3 Bxg4 54.Ke4 Bd1 55.Bxf6 g4 56.Bd4 Kd7 57.Ke5 Bf3
58.Bf2 Kc6 59.Ke6 g3 60.Bxg3 Kxc5 61.Bf2+  1-0

[Event "9th Open"]
[Site "Creon FRA"]
[Date "2004.08.03"]
[Round "3"]
[White "Chatalbashev,B"]
[Black "Humeau,C"]
[Result "1-0"]
[WhiteElo "2561"]
[BlackElo "2098"]

1.d4 d5 2.c4 e6 3.Nc3 c6 4.e3 Nf6 5.Nf3 Bd6 6.Bd3 Nbd7 7.e4 dxe4 8.Nxe4 Nxe4
9.Bxe4 O-O 10.O-O e5 11.dxe5 Nxe5 12.Nxe5 Bxe5 13.Bxh7+ Kxh7 14.Qh5+ Kg8
15.Qxe5 Re8 16.Qc3 Be6 17.b3 f6 18.Bf4 Qe7 19.Rfe1 Rad8 20.Re3 Qc5 21.Rae1 Bf7
22.h3 Qf5 23.Qc1 Rxe3 24.Bxe3 a6 25.Kh2 b5 26.cxb5 cxb5 27.Qc7 Qd7 28.Qg3 Qd6
29.Bf4 Qd3 30.Re3 Qb1 31.Qg4 Qd1 32.Re2 Qd7 33.Rd2 Qc8 34.Bh6 Qc7+ 35.g3 Bd5
36.Rd4 Qf7 37.Qh4 Rd7 38.Bxg7  1-0

[Event "ch-Arab"]
[Site "Dubai UAE"]
[Date "2004.08.03"]
[Round "1"]
[White "Abdul Moula,S"]
[Black "Al Sayed,Mohamad"]
[Result "0-1"]
[WhiteElo "2196"]
[BlackElo "2443"]

1.d4 d5 2.c4 e6 3.Nf3 Nf6 4.Nc3 c6 5.e3 Nbd7 6.Bd3 dxc4 7.Bxc4 b5 8.Be2 Bb7
9.O-O a6 10.e4 c5 11.e5 Nd5 12.a4 b4 13.Ne4 h6 14.a5 Qc7 15.Qd3 Rc8 16.Bd2 Be7
17.Rfc1 O-O 18.Ne1 f5 19.exf6 N5xf6 20.Nxf6+ Nxf6 21.Bxb4 Nd5 22.Bd2 Nf4
23.Bxf4 Qxf4 24.Qe3 Qxe3 25.fxe3 Bg5 26.Ra3 cxd4 27.Rxc8 Rxc8 28.exd4 Bf6
29.Rd3 Rc1 30.Kf2 Rb1 31.Bf3 Rxb2+ 32.Kg3 Bc8 33.Rc3 Bd7 34.Rc7 Bb5 35.Bg4 e5
36.Be6+ Kf8 37.d5 e4  0-1

[Event "Open"]
[Site "Kavala GRE"]
[Date "2004.08.03"]
[Round "5"]
[White "Logothetis,S"]
[Black "Mastrovasilis,D"]
[Result "0-1"]
[WhiteElo "2233"]
[BlackElo "2568"]

1.d4 d5 2.c4 e6 3.Nf3 Nf6 4.Nc3 c6 5.e3 Nbd7 6.Bd3 dxc4 7.Bxc4 b5 8.Bd3 a6
9.a4 Bb7 10.O-O b4 11.Ne4 c5 12.Nxf6+ Nxf6 13.dxc5 Bxc5 14.Qe2 Qd5 15.Rd1 Qh5
16.h3 O-O 17.e4 Rfd8 18.Bf4 Bb6 19.Rac1 h6 20.Bc7 Bxc7 21.Rxc7 Bxe4 22.Bxe4 Rxd1+
23.Qxd1 Nxe4 24.Rc4 Ng5 25.Rxb4 Rc8 26.Rd4 Nxf3+ 27.Qxf3 Rc1+ 28.Kh2 Qe5+
29.Qf4 Qxf4+ 30.Rxf4 Rc2 31.b3 g5 32.Rf3 f5 33.Kg1 Rc1+ 34.Kh2 Rc2 35.Kg1 Rc1+
36.Kh2 Rf1 37.Re3 Kf7 38.f3 Rb1 39.Rc3 Kf6 40.Rc6 Rxb3 41.Rxa6 Ra3 42.Ra8 h5
43.a5 Ke5 44.a6 Kf4 45.a7 e5 46.g3+ Kxf3 47.Rf8 Ra2+ 48.Kg1 Ra1+ 49.Kh2 Ra2+
50.Kg1 Rxa7 51.Rxf5+ Kxg3 52.Rxg5+ Kf4 53.Rxh5 e4 54.Rh8 Kf3 55.Rf8+ Ke2
56.Rb8 e3 57.h4 Ra4 58.h5 Rg4+ 59.Kh2 Kf2 60.Rf8+ Ke1 61.Kh3 Re4 62.Kg2 e2
63.h6 Kd2 64.Rf2 Rh4  0-1

[Event "ch-Arab"]
[Site "Dubai UAE"]
[Date "2004.08.04"]
[Round "2"]
[White "Hassan,Ab"]
[Black "Doghri,N"]
[Result "1-0"]
[WhiteElo "2324"]
[BlackElo "2303"]

1.d4 d5 2.Nf3 Nf6 3.c4 e6 4.Nc3 c6 5.e3 Nbd7 6.Bd3 dxc4 7.Bxc4 b5 8.Bd3 Bb7
9.Qe2 a6 10.a4 b4 11.Ne4 Nxe4 12.Bxe4 a5 13.Bd3 Bd6 14.e4 e5 15.Be3 O-O 16.O-O exd4
17.Bxd4 c5 18.Be3 Re8 19.Rfd1 Qc7 20.Bb5 Rxe4 21.Qd3 Re6 22.Ng5 Rg6 23.h4 Ne5
24.Qf5 h6 25.f4 Nf3+ 26.gxf3 hxg5 27.hxg5 Bxf3 28.Rf1 Bb7 29.Bc4 Ba6 30.Qe4 Bxc4
31.Qxa8+ Bf8 32.Rfe1 Ba6 33.Qg2 Bb7 34.Qh3 Re6 35.Re2 g6 36.Rae1 Bg7 37.Bc1 Bd4+
38.Be3 Rxe3 39.Rxe3 Qxf4 40.b3 Qxg5+ 41.Kh2 Qf4+ 42.Qg3 Bxe3 43.Rxe3 Qxg3+
44.Kxg3 Kf8 45.Re5 Bc8 46.Rxc5 Be6 47.Rxa5 Bxb3 48.Ra8+ Ke7 49.a5 Bd5 50.Rb8 b3
51.a6 Kd7 52.a7 Kc7 53.Rxb3 Bb7 54.Kf4 f6 55.Rb2 Kc6 56.Ke4 Kc7+ 57.Kd4 g5
58.Kc5 f5 59.Rh2 g4 60.Rh7+ Kc8 61.Kd6 Ba8 62.Rc7+ Kd8 63.Rc6 Bb7 64.Ra6  1-0

[Event "XI Summer Open"]
[Site "Nice FRA"]
[Date "2004.08.04"]
[Round "4"]
[White "Harestad,H"]
[Black "Lazic,Mi"]
[Result "0-1"]
[WhiteElo "2280"]
[BlackElo "2471"]

1.d4 d5 2.c4 e6 3.Nc3 c6 4.e3 Nf6 5.Nf3 Nbd7 6.Qc2 Bd6 7.h3 O-O 8.Bd2 c5
9.cxd5 exd5 10.Nb5 Be7 11.dxc5 Nxc5 12.Be2 Bd7 13.O-O Qb6 14.a4 Nfe4 15.a5 Qh6
16.Bc3 a6 17.Nc7 Nxc3 18.bxc3 Rad8 19.Nxd5 Bd6 20.Rfd1 f5 21.Rd4 Ne4 22.Rad1 Rde8
23.Qb3 Kh8 24.Qxb7 Bc6 25.Qb2 Bc5 26.R4d3 Nxf2 27.Kxf2 Bxd5 28.Rxd5 Qxe3+
29.Kg3 Qf2+ 30.Kh2 Rxe2 31.Qxe2 Qxe2 32.Re1 Qc4  0-1

[Event "9th Open"]
[Site "Creon FRA"]
[Date "2004.08.05"]
[Round "5"]
[White "Olarasu,G"]
[Black "Schoucair,H"]
[Result "1-0"]
[WhiteElo "2329"]
[BlackElo "2085"]

1.d4 d5 2.c4 c6 3.Nc3 Nf6 4.e3 e6 5.Nf3 Nbd7 6.Qc2 Bd6 7.Be2 O-O 8.O-O Re8
9.Rd1 Qe7 10.h3 h6 11.Bd2 dxc4 12.Bxc4 e5 13.Nh4 Nb6 14.Ng6 Qd8 15.Nxe5 Bxe5
16.dxe5 Nxc4 17.exf6 Qxf6 18.Ne2 Nxd2 19.Rxd2 Be6 20.Nf4 Rad8 21.Rad1 Bc8
22.b3 a6 23.Rd3 Rxd3 24.Qxd3 Bf5 25.Qd2 g6 26.Qb4 Qe7 27.Qb6 Bc2 28.Rd2 Bf5
29.Ne2 Be4 30.Nc3 Bf5 31.Ne2 Be4 32.b4 Kh7 33.Qd4 Rc8 34.Nc3 Re8 35.a3 Bf5
36.e4 Be6 37.Ne2 Rc8 38.Nf4 Kg8 39.Qe5 Rc7 40.Nxe6 fxe6 41.Rd6 Kf7 42.Rxe6 Qd8
43.Rd6 Qe7 44.Qd4 h5 45.e5 Kg7 46.h4 Kh6 47.e6  1-0

[Event "ch-Arab"]
[Site "Dubai UAE"]
[Date "2004.08.05"]
[Round "3"]
[White "Hassan,Ab"]
[Black "Bouaziz,S"]
[Result "1/2-1/2"]
[WhiteElo "2324"]
[BlackElo "2352"]

1.d4 d5 2.Nf3 e6 3.c4 Nf6 4.Nc3 c6 5.e3 Nbd7 6.Bd3 dxc4 7.Bxc4 b5 8.Bd3 Bb7
9.Qe2 b4 10.Ne4 Nxe4 11.Bxe4 Nf6 12.Bd3 a6 13.e4 c5 14.e5 Nd5 15.O-O cxd4
16.Nxd4 Bc5 17.Nf3 Be7 18.Rd1 Qb6 19.Bg5 h6 20.Bxe7 Kxe7 21.Be4 Nf4 22.Qe1 Bd5
23.Nd2 Rhc8 24.g3 Bxe4 25.Nxe4 Nd5 26.Rac1 Kf8 27.Rxc8+ Rxc8 28.Rc1 Rc6  1/2-1/2

[Event "Open"]
[Site "Kavala GRE"]
[Date "2004.08.05"]
[Round "7"]
[White "Gershon,A"]
[Black "Mastrovasilis,D"]
[Result "0-1"]
[WhiteElo "2518"]
[BlackElo "2568"]

1.d4 d5 2.c4 c6 3.Nc3 Nf6 4.e3 e6 5.Nf3 Nbd7 6.Bd3 dxc4 7.Bxc4 b5 8.Bd3 a6
9.e4 c5 10.d5 Qc7 11.dxe6 fxe6 12.O-O c4 13.Bc2 Bb7 14.Ng5 Nc5 15.e5 Qxe5
16.Re1 Qd6 17.Qxd6 Bxd6 18.Be3 O-O 19.Rad1 Be7 20.Bxc5 Bxc5 21.Nxe6 Rfc8
22.Nxc5 Rxc5 23.Re7 Rb8 24.h3 Kf8 25.Re6 Rc6 26.Re3 Rc7 27.g4 h6 28.a3 Re7
29.Rxe7 Kxe7 30.Bg6 Bf3 31.Re1+ Kd6 32.Re3 Bc6 33.f4 Nd5 34.Nxd5 Bxd5 35.g5 a5
36.Re8 Rxe8 37.Bxe8 b4 38.axb4 axb4 39.gxh6 gxh6 40.Bg6 Kc5 41.Bb1 Kd4 42.f5 Ke3
43.f6 Bf7 44.h4 h5  0-1

[Event "Open"]
[Site "Kavala GRE"]
[Date "2004.08.06"]
[Round "8"]
[White "Kadiltzoglou,M"]
[Black "Erenburg,S"]
[Result "0-1"]
[WhiteElo "2093"]
[BlackElo "2533"]

1.Nf3 d5 2.d4 c6 3.c4 e6 4.Nc3 Nf6 5.e3 Nbd7 6.Bd3 dxc4 7.Bxc4 b5 8.Bd3 b4
9.Ne4 Nxe4 10.Bxe4 Bb7 11.O-O Be7 12.Bd2 O-O 13.a3 Nf6 14.Bd3 c5 15.axb4 cxb4
16.Ba6 Qb6 17.Bxb7 Qxb7 18.b3 Bd6 19.Qe2 a5 20.Rfc1 Ra7 21.Qc4 Rfa8 22.Ra4 h6
23.Qc6 Qb8 24.Qc2 Rc7 25.Qd3 Rxc1+ 26.Bxc1 Qc7 27.Bb2 Rc8 28.Ne5 Bxe5 29.dxe5 Ne4
30.Qc4 Qxc4 31.bxc4 Rxc4 32.Rxa5 Nc5 33.Ra8+ Kh7 34.g3 Nd3 35.Bd4 b3 36.Ra7 Kg6
37.Kg2 Rb4 38.Ra1 b2 39.Rb1 Rc4 40.Bxb2 Rb4 41.Rd1 Nxb2 42.Rd7 Rb5 43.f4 Nc4
44.Rd3 Rb2+ 45.Kf3 Rxh2 46.e4 Ra2 47.Rc3  0-1

[Event "It A"]
[Site "Montreal CAN"]
[Date "2004.08.06"]
[Round "3"]
[White "Moiseenko,A"]
[Black "Novikov,I"]
[Result "1-0"]
[WhiteElo "2640"]
[BlackElo "2610"]

1.d4 d5 2.c4 e6 3.Nc3 c6 4.e3 Nf6 5.Nf3 Nbd7 6.Bd3 dxc4 7.Bxc4 b5 8.Bd3 Bb7
9.O-O b4 10.Ne4 Be7 11.Nxf6+ Nxf6 12.e4 O-O 13.e5 Nd7 14.Be4 Rb8 15.a3 bxa3
16.b4 a5 17.bxa5 Qxa5 18.Bxa3 Bxa3 19.Bxh7+ Kxh7 20.Ng5+ Kg6 21.Qd3+ f5 22.Nxe6 Ra8
23.Rfb1 Rfb8 24.Nf4+ Kf7 25.Qxf5+ Ke7 26.Qe6+ Kd8 27.Qg8+ Nf8 28.Ne6+ Kc8
29.Nxf8 Qd8 30.Rxa3  1-0

[Event "9th Open"]
[Site "Creon FRA"]
[Date "2004.08.08"]
[Round "9"]
[White "Ouakhir,M"]
[Black "Humeau,C"]
[Result "1-0"]
[WhiteElo "2244"]
[BlackElo "2098"]

1.d4 d5 2.c4 e6 3.Nc3 c6 4.e3 Nf6 5.Nf3 Nbd7 6.Bd3 Bd6 7.e4 dxe4 8.Nxe4 Nxe4
9.Bxe4 O-O 10.O-O h6 11.b3 e5 12.Bb2 f5 13.Bc2 e4 14.Ne5 Nxe5 15.dxe5 Bc7
16.f4 Be6 17.Qe2 Qe7 18.Rfd1 Rfd8 19.Kh1 Kh7 20.Bc3 c5 21.g4 Rxd1+ 22.Rxd1 g6
23.Rg1 Bd8 24.gxf5 gxf5 25.Bxe4 fxe4 26.Qxe4+ Kh8 27.Qg6  1-0

[Event "ch-Arab w"]
[Site "Dubai UAE"]
[Date "2004.08.08"]
[Round "6"]
[White "Houli,A"]
[Black "Mezioud,A"]
[Result "1-0"]
[WhiteElo "2101"]
[BlackElo "1959"]

1.d4 d5 2.c4 e6 3.Nc3 Nf6 4.Nf3 c6 5.e3 Be7 6.Bd3 dxc4 7.Bxc4 Nbd7 8.O-O O-O
9.Qe2 Nd5 10.Bd2 N7b6 11.Bb3 Bb4 12.Nxd5 Nxd5 13.e4 Bxd2 14.exd5 Bh6 15.dxe6 fxe6
16.Bxe6+ Bxe6 17.Qxe6+ Kh8 18.Rfe1 Re8 19.Qxe8+ Qxe8 20.Rxe8+ Rxe8 21.Re1 Rxe1+
22.Nxe1 Kg8 23.Kf1 Kf7 24.Ke2 Ke6 25.Kd3 g6 26.Ke4 Bg7 27.Nd3 b6 28.b4 Bf6
29.f4 h5 30.Ne5 Bxe5 31.fxe5 g5 32.g3 h4 33.a4 hxg3 34.hxg3 a6 35.g4 a5 36.bxa5 bxa5
37.d5+ cxd5+ 38.Kd4  1-0

[Event "HZ Open"]
[Site "Vlissingen NED"]
[Date "2004.08.08"]
[Round "2"]
[White "Gagunashvili,M"]
[Black "Bodicker,R"]
[Result "1-0"]
[WhiteElo "2580"]
[BlackElo "2124"]

1.d4 d5 2.c4 c6 3.Nf3 Nf6 4.Nc3 e6 5.e3 Nbd7 6.Qc2 Bd6 7.b3 O-O 8.Be2 Re8
9.O-O dxc4 10.bxc4 e5 11.Rd1 Qe7 12.Rb1 b6 13.a4 e4 14.Nd2 c5 15.Nb5 Bb8
16.Ba3 a6 17.Nc3 Bd6 18.dxc5 bxc5 19.Ndxe4 Nxe4 20.Nxe4 Bxh2+ 21.Kxh2 Qh4+
22.Kg1 Rxe4 23.Qd3 Ra7 24.Rb8  1-0

[Event "ch-Arab"]
[Site "Dubai UAE"]
[Date "2004.08.09"]
[Round "7"]
[White "Tissir,M"]
[Black "Doghri,N"]
[Result "1-0"]
[WhiteElo "2416"]
[BlackElo "2303"]

1.d4 Nf6 2.Nf3 d5 3.c4 e6 4.Nc3 c6 5.e3 Nbd7 6.Bd3 dxc4 7.Bxc4 b5 8.Bd3 b4
9.Na4 c5 10.e4 Bb7 11.e5 Nd5 12.dxc5 Nxc5 13.Nxc5 Bxc5 14.O-O h6 15.Bd2 Nc3
16.Qc2 Qd5 17.bxc3 Rd8 18.Ne1  1-0

[Event "ch-Arab w"]
[Site "Dubai UAE"]
[Date "2004.08.10"]
[Round "8"]
[White "Zahira,E"]
[Black "Basta Sohair,F"]
[Result "0-1"]
[WhiteElo "2018"]
[BlackElo "2072"]

1.d4 d5 2.c4 e6 3.e3 Nf6 4.Nc3 c6 5.Nf3 Bd6 6.Bd3 Nbd7 7.O-O O-O 8.b3 e5
9.cxd5 Bb4 10.dxc6 bxc6 11.Ne4 exd4 12.Nxd4 Bb7 13.Nc2 Be7 14.Bb2 c5 15.Ng3 g6
16.e4 Qc7 17.f4 Rad8 18.Qe2 Rfe8 19.Ne3 c4 20.Nxc4 Nc5 21.Be5 Qc8 22.Rad1 Ng4
23.Bb1 Nxe5 24.Nxe5 Ba6 25.Nc4 Qc7 26.Rxd8 Rxd8 27.e5 Ne6 28.Bd3 Qd7 29.Nd6 Bxd6
30.Bxa6 Bc5+ 31.Kh1 Qd5 32.f5 Ng5 33.Qg4 Be3 34.Qc4 Qd7 35.h4 Nh3 36.gxh3 Bb6
37.fxg6 hxg6 38.Ne4 Qxh3+  0-1